| 000 | 00596nam a22001817a 4500 | ||
|---|---|---|---|
| 005 | 20170713143758.0 | ||
| 010 | _aENG-119173 | ||
| 020 |
_a9788175417991 _c750.00 |
||
| 035 | _aEN-102705 | ||
| 037 | _bDBAD/PUB | ||
| 082 | _a921 | ||
| 100 | _aGiri,Satchidanada | ||
| 245 |
_aMy struggle for self-realization : _cby Amiya K. Chauduri _ban autobigraphy/ |
||
| 260 |
_aDelhi _bShipra Publications _c2015 |
||
| 270 |
_aLG-18-19,Pankaj Central Market,I.P.Ext. Patparganj _bDelhi _e110092 |
||
| 300 |
_avi,233p.[8p.] : _c23cm(Hb) _bill (Black & White) |
||
| 942 |
_2ddc _cEN _h921 _mGIR |
||
| 999 |
_c142539 _d142539 |
||